00419 2200157 4500001002100000008004100021035002000062245005600082100002000138260002500158300002200183020002200205084001400227082000800241990001200249INLIS000000000002822 IND  a0010-0925000169 aAyah Pemilih Cinta Yang TerlupakancEdelweis Almira aEdelweis Almira aJakartabZettuc2015 a200c(13 x 19 cm) a978-602-7735-04-0 a813 EDE a a813 a0755044